000 00366nam a2200145Ia 4500
003 OSt
008 191201s2004 xx 000 0 und d
082 _a621.3
_bRAP
100 _aRASHID, Muhammad H.
245 0 _aPower Electronics Circuits, Devices, and Applications
260 _aNew Delhi
_bPearson
_c2004
300 _a880
650 _aB.Tech(ECE)
942 _2ddc
_cBK
999 _c416
_d416